| 000 | 00536nmm a2200169Ia 4500 | ||
|---|---|---|---|
| 008 | 251105s9999||||xx |||||||||||||||||und|| | ||
| 020 | _a9788484890911 | ||
| 041 | _aspa | ||
| 100 | _aDuno Gottberg, Luis | ||
| 245 | 0 |
_aSolventando las diferencias : _b La ideología del mestizaje en Cuba |
|
| 264 |
_a[Madrid, España] : _bIberoamericana Vervuert, _c2003 |
||
| 300 | _a236 páginas | ||
| 490 | _aNexos y diferencias | ||
| 650 | _aLatin American literature | ||
| 856 | _uhttps://public.digitaliapublishing.com/a/17722 | ||
| 942 | _cCF | ||
| 999 |
_c86508 _d86508 |
||